IRS audit protection and survival guide : (Record no. 6999)

MARC details
000 -LEADER
fixed length control field 00731nam a22002172 4500
001 - CONTROL NUMBER
control field 0000005318
005 - DATE AND TIME OF LATEST TRANSACTION
control field 20151217152001.0
008 - FIXED-LENGTH DATA ELEMENTS--GENERAL INFORMATION
fixed length control field 070611s xx 000 0 eng d
020 ## - INTERNATIONAL STANDARD BOOK NUMBER
Terms of availability KES 200 (don.)
040 ## - CATALOGING SOURCE
Original cataloging agency KABU
Transcribing agency KABU
050 #0 - LIBRARY OF CONGRESS CALL NUMBER
Classification number TX911.3
Item number .F5B37 1997
100 1# - MAIN ENTRY--PERSONAL NAME
Personal name Bernard, Gerald F.
-- 0000156544
245 10 - TITLE STATEMENT
Title IRS audit protection and survival guide :
Remainder of title bed and breakfast /
Statement of responsibility, etc. Gerald F. Bernard, Daniel J. Baran.
260 ## - PUBLICATION, DISTRIBUTION, ETC. (IMPRINT)
Place of publication, distribution, etc. New York :
Name of publisher, distributor, etc. John Wiley,
Date of publication, distribution, etc. 1997.
300 ## - PHYSICAL DESCRIPTION
Extent xiii, 284 p.
650 #0 - SUBJECT ADDED ENTRY--TOPICAL TERM
Topical term or geographic name as entry element Bed and breakfast accommodations
Geographic subdivision United States
General subdivision Finance.
-- 0000156545
700 1# - ADDED ENTRY--PERSONAL NAME
Personal name Baran, Daniel J.
-- 0000153396
908 ## - PUT COMMAND PARAMETER (RLIN)
Put command parameter 070611
950 ## - LOCAL HOLDINGS (RLIN)
-- 1
Holdings
Withdrawn status Lost status Source of classification or shelving scheme Not for loan Home library Current library Date acquired Total Checkouts Full call number Barcode Date last seen Copy number Price effective from Koha item type
    Library of Congress Classification   Kabarak, Main Campus Kabarak, Main Campus 17/12/2015   TX911.3 .F5B37 1997 c. 1 025987 17/12/2015 c. 1 17/12/2015 General Collection
Designed with assistance from East African Informatics Ltd